000 01117nam a22002297a 4500
008 230718s2021 xxk|||||o|||| 00| 0 eng d
041 _aeng
110 _aRoyal Institution of Chartered Surveyors
245 _aCan unused office space solve the housing crisis?
_h[Electronic resource]
260 _aLondon,
_bRoyal Institution of Chartered Surveyors,
_c3 June 2021
490 _aWorld Built Environment Forum
520 _aArticle from the WBEF about the changing use of buildings in UK cities, in particular in a post-COVID world.
650 _aHOUSING
650 _aOFFICES
651 _aUnited Kingdom
690 _96307
_aBuilt Environment
700 _aClifford, Ben
710 _aRoyal Institution of Chartered Surveyors
856 _uhttps://www.rics.org/uk/wbef/megatrends/urbanisation/can-unused-office-space-solve-the-housing-crisis/
_zAvailable free on RICS.org
856 _uhttps://discovery.ucl.ac.uk/id/eprint/10129216/3/Clifford_03%20June%202021%20-%20Can%20unused%20office%20space%20solve%20the%20housing%20crisis.pdf
_zAvailable on UCL discovery with permission from RICS
942 _n0
999 _c121609
_d121609